000 00563nam a2200217 i 4500
001 C2-0306479
003 PPAK
005 20180728092553.0
008 101128s xx |||| ||||| | may d
040 _aPPAK
_beng
_cPPAK
_erda
082 0 4 _a398.2
_223
090 0 0 _a398.2
_bHIK
_dKIH
245 0 0 _aHikayat carang misa kembar sari
300 _a70 pages ;
_c28 cm
336 _2rdacontent
_atext
337 _2rdamedia
_aunmediated
338 _2rdacarrier
_avolume
500 _aManuskrip 28, hal. 1-35
650 1 0 _aFolk literature, Malay
942 _ddc
_cB
999 _c109384
_d109384